000 00400 a2200133 4500
001 ART_13865
005 20260410161911.0
008 260409a
245 1 0 _aRelative productivity levels, 1947-1973
100 1 _aChristensen, Laurits R.
700 1 _aCummings, D.
700 1 _aJorgenson, Dale W.
773 0 _tEuropean economic review
_g- Vol. 16, NÂș 1 (may. 1981)
_wREV13346
999 _c26850
_d26850